| 000 | 01277nam a22002775i 4500 | ||
|---|---|---|---|
| 999 |
_c27698 _d27669 |
||
| 003 | EG-ScBUE | ||
| 005 | 20191022114512.0 | ||
| 008 | 191022t1991 su f b 001 0 ara d | ||
| 040 |
_aEG-ScBUE _bara _erda _cEG-ScBUE _dEG-ScBUE |
||
| 082 | 0 | 4 |
_a327 _bس ل ي _222 |
| 100 | 1 |
_aسليم، محمد السيد، _eمؤلف. |
|
| 245 | 1 | 2 |
_aالعلاقات بين الدول الإسلامية / _cالدكتور محمد السيد سليم، أستاذ مشارك، قسم العلوم السياسية، كلية العلوم الإدارية، جامعة الملك سعود. |
| 250 | _aالطبعة الأولى. | ||
| 264 | 1 |
_aالرياض : _bعمادة شؤون المكتبات، جامعة الملك سعود، _c1991. |
|
| 300 |
_a331 صفحة : _bإيضاحيات ؛ _c24 سم |
||
| 336 |
_aنص _btxt _2rdacontent |
||
| 337 |
_aبدون وسيط _bn _2rdamedia |
||
| 338 |
_aمجلد _bnc _2rdacarrier |
||
| 500 | _aيشتمل على كشاف. | ||
| 504 | _aيشتمل على إرجاعات ببليوجرافية. | ||
| 541 |
_aDr. Gamal Selim ; _cDonation ; |
||
| 650 | 7 |
_aالعلاقات الدولية. _2BUEsh |
|
| 651 | 7 |
_aالبلاد الإسلامية _xعلاقات خارجية. _2BUEsh |
|
| 653 |
_bMASPPSS _bBUSBOL _cOctober2019 |
||
| 942 | _2ddc | ||